| 000 | 00519nam a2200205Ia 4500 | ||
|---|---|---|---|
| 003 | OSt | ||
| 005 | 20220928144228.0 | ||
| 006 | a|||||r|||| 00| 0 | ||
| 007 | ta | ||
| 008 | 220927b |||||||| |||| 00| 0 eng d | ||
| 024 | _a63689 | ||
| 037 | _cTextual | ||
| 040 |
_aSDCL _cSDCL _beng |
||
| 041 |
_2eng _aeng |
||
| 082 | _aV41y7M93, L 7 | ||
| 100 | _aWilson Dick | ||
| 245 | 0 | _aMao Tse-Tung in the scales of history. | |
| 942 |
_hV41y7M93, L 7 _cTEXL _2CC |
||
| 999 |
_c826796 _d826796 |
||